Ecosystems and human well-being: current state and trends

Salvato in:
Dettagli Bibliografici
Altri autori: Hassan, Rashid (Redattore), Scholes, Robert (Redattore), Ash, Neville (Redattore)
Natura: Libro
Lingua:inglese
Pubblicazione: Washington, D.C Millennium Ecosystem Assessment 2005
Serie:The Millennium Ecosystem Assessment Series, 1
Soggetti:
Tags: Aggiungi Tag
Nessun Tag, puoi essere il primo ad aggiungerne!!

MARC

LEADER 00000nam a2200000 a 4500
001 UCJ0738
003 CL-VaPUC
005 20220331132347.0
008 060901e20050000US |||||||||||||||||eng|d
999 |c 317491  |d 317489 
020 |a 1559632283 
040 |c Pontificia Universidad Católica de Valparaíso 
082 0 4 |a 333.95 HAS 2005  |2 21 
100 0 |a Hassan, Rashid  |e editor  |9 501049 
245 1 0 |a Ecosystems and human well-being: current state and trends 
260 |a Washington, D.C  |b Millennium Ecosystem Assessment  |c 2005 
300 |a 917 páginas  
490 0 |a The Millennium Ecosystem Assessment Series, 1 
505 |a v.1 Current state and trends.  
583 |a last modification  |c 20161003 10:43:12  |k Rodrigo Vera 
650 0 |a Ecología humana   |9 263207 
650 0 |a Comunidades bióticas   |2 CL-VaPUC  |9 269776 
650 0 |a Ecología humana   |9 263207 
650 0 |a Ecosistemas  |9 261477 
700 0 |a Scholes, Robert  |e editor  |9 501050 
700 0 |a Ash, Neville  |e editor  |9 501051 
942 |c BK  |2 ddc 
945 |d 20060901 00:00:00  |a cmena 
952 |0 0  |1 0  |2 ddc  |4 0  |6 333_950000000000000_HAS_2005  |7 0  |8 A  |9 393932  |a BIBAGR  |b BIBAGR  |d 2019-11-22  |h v.1  |i 4264738  |o 333.95 HAS 2005  |p 4264738  |r 2025-01-20  |t 1  |w 2019-11-22  |y BK  |k AGR 
952 |0 0  |1 0  |2 ddc  |4 0  |6 333_950000000000000_HAS_2005  |7 0  |8 A  |9 582337  |a BIBAGR  |b BIBAGR  |c GEN  |d 2022-03-31  |e Donación   |h v.1  |i 5650520  |o 333.95 HAS 2005  |p 5650520  |r 2025-01-20  |t 2  |w 2022-03-31  |y BK  |k AGR